000 00443nam a2200157 i 4500
001 24184
003 ES-MaACL
005 20230906153014.0
007 t|
008 021216s1917 fr ||||1| fre d
100 1 _aAnthony, R.
_921890
245 1 3 _aLa force et le droit
_b: le prétendu droit biologique /
_cpar R. Anthony.
260 _aParís :
_bFélix Alcan,
_c1917 (
_fJouve)
300 _a194 p. ;
_c19 cm.
852 _aES-MaACL
_jF-12123
999 _c24184
_d24184